000
00228 a2200097 4500
001
37835
100
_a
Kelly S G
245
_a
Fundamental of Mechanics vibrations
260
_a
Singapore
_b
McGraw-Hill
_c
090
_c
24027
_d
24027
942
_a
NUST-CAE
_c
M
_c
15589
999
_c
272908
_d
272908